One Piece - Lettre K - Statistiques

Statistiques générales
  • Ce quiz a été pris 93 fois
    57 depuis la dernière actualisation
  • Le résultat moyen est 20 sur 25
Statistiques - réponses
Indice Réponse % Correct
Bras droit de Kaido King
100%
Commandant sucré dans l'équipage de Big Mom Katakuri
98%
Membre de la génération terrible qui vaut 3 000 000 000 de Berrys Kid
98%
Second de l'équipage de Kid Killer
98%
Admiral de la marine qui est à l'origine de l'ellipse Kizaru
98%
Empereur des mers qui a tué Luffy Kaido
96%
Membre du CP9 muté au CP0, il maîtrise le pied Ouragan à la perfection Kaku
96%
Seul grand corsaire qui obéissait directement au gouvernement mondial Kuma
96%
Nom sous lequel on appelle maintenant Aokiji, car il a quitté la marine Kuzan
94%
Chef des fourreaux rouge ainsi que le plus puissant du groupe Kin'emon
92%
Vice admiral de la marine et ami de Luffy Koby
90%
Dynastie Shogun de Wano Kozuki
90%
Membre du CP9 infiltré en tant que secrétaire à Water 7 Kalifa
88%
Capitaine pirate qui à attaqué l'île natale d'Usopp Kuro
88%
Traître chez les fourreaux rouges Kanjuro
86%
Lieutenant de l'armée révolutionnaire, probablement amoureuse de Sabo Koala
86%
Amie d'Usopp étant rester au village de Sirop, elle veut devenir médecin Kaya
80%
Surnommé "Le Kappa" il fait également partie des fourreau rouge Kawamatsu
78%
Deuxième mentor de Chopper ainsi que celle qui lui à tous enseignée Kureha
78%
Fourreau rougs ayant perdus son bras pendant le combat contre Kaido Kikunojo
74%
Famille de traître à Wano Kurozumi
56%
Région de Wano gouvernée autrefois par Oden Kuri
46%
Courant ascendant très dangereux et puissant dans Grand Line Knock Up Stream
40%
Surnom qu'à pris Kozuki Hiyori, pour survivre sous le shogun d'Orochi Komurasaki
38%
Nom d'une école de forge d'épées qui ont notamment permis la création de lame maudites Kitetsu
36%
Aucun quiz correspondant
Distribution des résultats
% des personnes avec chaque résultat
Percentile par nombre de réponses
Votre historique - résultats
Vous n’avez pas pris ce quiz depuis la dernière actualisation